| 000 | 01957aam a2200337 i 4500 | ||
|---|---|---|---|
| 001 | 768714001 | ||
| 003 | CO-MdFUSB | ||
| 005 | 20260119102857.0 | ||
| 007 | ta | ||
| 008 | 260119t2005 cr |||| |||| 00| 0 spa d | ||
| 020 | _a9968-881-10-4 | ||
| 040 | _cCO-MdFUSB | ||
| 041 | 0 |
_aspa _heng |
|
| 082 | 0 | 4 |
_223 _a232.904 _bB8863t |
| 100 | 1 |
_aBruce, A.B. _eautor |
|
| 240 | _aTe Training of the Twelve | ||
| 245 | 1 | 0 |
_aTres años con Jesús : _bla capacitación de los doce _c/ A. B. Bruce ; traducido por Carla Dongo Palacios |
| 264 | 1 |
_bDesarrollo Cristiano Internacional, _aSan José, Costa Rica : _c[2005] |
|
| 264 | 4 | _c©2005 | |
| 300 |
_a2 Volúmenes _c; 21 cm |
||
| 336 |
_atexto _btxt _2rdacontent |
||
| 337 |
_2rdamedia _asin mediación _bn |
||
| 338 |
_2rdacarrier _avolumen _bnc |
||
| 505 | _aVol. I: Los comienzos. -- Pescadores de hombres. -- Mateo el publicano. -- Los doce. -- Lo que vieron y oyeron. -- Lecciones sobre la oración. -- La naturaleza de la verdadera santidad. -- Los primeros intentos de evangelización. -- La crisis galilea. -- La levadura de los fariseos y de los saduceos. -- La confesión de Pedro. -- La primera lección sobre la cruz. -- La transfiguración. -- Jesús forja el carácter de los discípulos. -- Los hijos del trueno. Vol. II: La doctrina de la abnegación. -- Segunda lección sobre la doctrina de la cruz. -- Tercera lección sobre la doctrina de la cruz. -- Primeros frutos de los gentiles. -- Disertación sobre los últimos eventos. -- Otra lección sobre la humildad. -- Cuarta lección sobre la doctrina de la cruz. -- Judas Iscariote. -- El padre frente a la muerte, y los "hijitos" -- Últimas instrucciones a los futuros apóstoles. -- La oración intercesora. -- Las ovejas dispersas. | ||
| 563 | _aRústico | ||
| 650 | 1 | 7 |
_aApóstoles _2embne _92947 |
| 650 | 1 | 7 |
_aCristología _9239 |
| 700 |
_aDongo Palacios, Carla, _911818 _etraductor |
||
| 942 | _cBK | ||
| 945 | _aJTF-925 | ||
| 999 |
_c43685 _d43685 |
||